Pacific economic outlook 2000-01

Gorde:
Xehetasun bibliografikoak
Erakunde egilea: Pacific Economic Cooperation Council (Egilea)
Formatua: Liburua
Hizkuntza:ingelesa
Argitaratua: Vancouver Asia Pacific Foundation of Canada 2000
Gaiak:
Etiketak: Etiketa erantsi
Etiketarik gabe, Izan zaitez lehena erregistro honi etiketa jartzen!

MARC

LEADER 00000nam a2200000 a 4500
001 UCG2560
003 CL-VaPUC
008 100715e20000000CN |||||||||||||||||eng|d
020 |a 0731536436 
082 0 4 |a 330.95  |b PAC  |2 21 
110 2 |a Pacific Economic Cooperation Council  |e author  |9 551031 
245 1 0 |a Pacific economic outlook 2000-01 
300 |a 63 p 
942 |c BK 
945 |d 20100715 00:00:00  |a dcastane 
260 |a Vancouver  |b Asia Pacific Foundation of Canada  |c 2000 
650 0 |a Economía internacional  |9 258254 
650 7 |a BALANZA DE PAGO  |2 CL-VaPUC  |9 338673 
650 0 |a Inflación   |9 257218 
650 7 |a RECESION  |2 CL-VaPUC  |9 409493 
583 |a last modification  |c 20130610 09:12:17  |k Rodrigo Vera 
999 |c 341701  |d 341699 
952 |0 0  |1 0  |4 0  |6 330_950000000000000_PAC_2000  |7 0  |8 A  |9 437366  |a BIBGIM  |b BIBGIM  |d 2019-11-22  |i 4692837  |o 330.95 PAC 2000  |p 4692837  |r 2025-01-15  |w 2019-11-22  |y BK  |k ORI